The economics of the Canadian financial systems : (Record no. 9309)
[ view plain ]
| 000 -LEADER | |
|---|---|
| fixed length control field | 00776nam a22002417a 4500 |
| 003 - CONTROL NUMBER IDENTIFIER | |
| control field | OSt |
| 005 - DATE AND TIME OF LATEST TRANSACTION | |
| control field | 20240729131323.0 |
| 008 - FIXED-LENGTH DATA ELEMENTS--GENERAL INFORMATION | |
| fixed length control field | 240729b |||||||| |||| 00| 0 eng d |
| 020 ## - INTERNATIONAL STANDARD BOOK NUMBER | |
| International Standard Book Number | 013229799x |
| 040 ## - CATALOGING SOURCE | |
| Transcribing agency | MUST |
| 082 ## - DEWEY DECIMAL CLASSIFICATION NUMBER | |
| Classification number | 330 SHE 1984 |
| 100 ## - MAIN ENTRY--PERSONAL NAME | |
| Personal name | Shearer, Ronald A. |
| 9 (RLIN) | 19030 |
| 245 ## - TITLE STATEMENT | |
| Title | The economics of the Canadian financial systems : |
| Remainder of title | theory, policy and institutions / |
| Statement of responsibility, etc. | Ronald A. Shearer, John F. Chant, David E. Bond |
| 250 ## - EDITION STATEMENT | |
| Edition statement | 2nd.ed. |
| 260 ## - PUBLICATION, DISTRIBUTION, ETC. (IMPRINT) | |
| Place of publication, distribution, etc. | Ontario |
| Name of publisher, distributor, etc. | Prentice-Hall Inc |
| Date of publication, distribution, etc. | 1984 |
| 300 ## - PHYSICAL DESCRIPTION | |
| Extent | xvi, 671p. : |
| Other physical details | ill.; |
| Dimensions | 32 cm. |
| 504 ## - BIBLIOGRAPHY, ETC. NOTE | |
| Bibliography, etc | Includes bibliographical references and index |
| 650 ## - SUBJECT ADDED ENTRY--TOPICAL TERM | |
| Topical term or geographic name as entry element | Economics |
| 9 (RLIN) | 975 |
| 650 ## - SUBJECT ADDED ENTRY--TOPICAL TERM | |
| Topical term or geographic name as entry element | Financial systems |
| 9 (RLIN) | 19031 |
| 700 ## - ADDED ENTRY--PERSONAL NAME | |
| Personal name | Chant, John F. |
| 9 (RLIN) | 19032 |
| 700 ## - ADDED ENTRY--PERSONAL NAME | |
| Personal name | Bond, David E. |
| 9 (RLIN) | 19033 |
| 942 ## - ADDED ENTRY ELEMENTS (KOHA) | |
| Source of classification or shelving scheme | Dewey Decimal Classification |
| Koha item type | Open Shelf |
| Withdrawn status | Lost status | Source of classification or shelving scheme | Damaged status | Not for loan | Home library | Current library | Date acquired | Source of acquisition | Inventory number | Total Checkouts | Full call number | Barcode | Date last seen | Price effective from | Koha item type |
|---|---|---|---|---|---|---|---|---|---|---|---|---|---|---|---|
| Dewey Decimal Classification | MUST Main Library | MUST Main Library | 29/07/2024 | Purchase | 2005/26001 | 330 SHE 1984 | 2024-22218 | 29/07/2024 | 29/07/2024 | Open Shelf |
